000 00508nam a2200169 a 4500
001 000042506
005 20201002040210.0
008 131205s1990 sp ac 000 0 spa d
020 _a8474836255
040 _aDO-SdBNP
_bspa
_cBNPHU
245 0 0 _aAugusto Roa Bastos.
260 _aBarcelona :
_bMinisterio de Cultura,
_c1990.
300 _a95 p. :
_bil., retrs. ;
_c27 cm.
504 _aBibliografía : p. 86-95
586 _aPremio Miguel de Cervantes 1989
700 1 _aRoa Bastos, Augusto
_d1917-2005
_915047
999 _c41995
_d41995